Nederlandse Koningshuis - Statistieken

Algemene statistieken
  • Deze quiz is 137 keer genomen
  • De gemiddelde score is 19 van 65
Antwoordstatistieken
Family Member % Correct
Koning Willem-Alexander
100%
Prinses Beatrix
95%
Koningin Máxima
93%
Kroonprinses Amalia van Oranje-Nassau
90%
Prinses Alexia van Oranje-Nassau
90%
Prinses Ariane van Oranje-Nassau
84%
Claus van Amsberg
78%
Prins Constantijn van Oranje-Nassau van Amsberg
68%
Prinses Margriet
60%
Mabel Wisse Smit
59%
Prinses Irene
57%
Prinses Eloise van Oranje-Nassau van Amsberg
54%
Prinses Laurentien Brinkhorst
53%
Pieter van Vollenhoven jr.
46%
Prof. Pieter van Vollenhoven
46%
Prinses Christina
45%
Prins Bernard van Oranje-Nassau, van Vollenhoven
39%
Prins Johan Friso van Oranje-Nassau van Amsberg
39%
Julia ten Cate
36%
Prins Claus-Casimir van Oranje-Nassau van Amsberg
34%
Prins Maurits van Oranje-Nassau, van Vollenhoven
34%
Prinses Leonore van Oranje-Nassau van Amsberg
28%
Zaria van Oranje-Nassau van Amsberg
28%
Prins Floris van Oranje-Nassau, van Vollenhoven
26%
Anna van Lippe-Biesterveld van Vollenhoven
25%
Carlos de Bourbon de Parme
25%
Carlos de Bourbon de Parme, jr.
25%
Carlos Hugo de Bourbon - de Parme
25%
Luana van Oranje-Nassau van Amsberg
25%
Margarita de Bourbon de Parme
24%
Prinses Marilène van den Broek
24%
Julian Guillermo
21%
Prins Pieter-Christiaan van Oranje-Nassau, van Vollenhoven
21%
Jaime de Bourbon de Parme
20%
Prinses Anita van Eijk
18%
Prinses Annette Sekrève
18%
Juliana Guillermo
17%
Prinses Aimée Söhngen
17%
Carolina de Bourbon de Parme
16%
Jorge Guillermo
14%
Annemarie van Weezel
13%
Edwin de Rooy van Zuydewijn
13%
Emma van Vollenhoven
13%
Bernardo Guillermo
10%
Lucas van Lippe-Biesterveld van Vollenhoven
9%
Nicolás Guillermo
9%
Magali van Vollenhoven
8%
Victoria Cservenyák
8%
Felicia van Lippe-Biesterveld van Vollenhoven
7%
Tjalling ten Cate
7%
Isabel Guillermo
6%
Benjamin van Vollenhoven
5%
Luisa de Bourbon de Parme
5%
Samuel van Vollenhoven
5%
Albert Brenninkmeijer
3%
Eva Valdes
3%
Willem Jan van Vollenhoven
3%
Cécilia de Bourbon de Parme
2%
Eliane van Vollenhoven
2%
Isabelle van Vollenhoven
2%
Zita de Bourbon de Parme
2%
Alaïa Brenninkmeijer
1%
Gloria de Bourbon de Parme
1%
Paola ten Cate
1%
Xavier Brenninkmeijer
1%
Geen overeenkomende quizzen gevonden
Scoreverdeling
Procent van Mensen met Elke Score
Percentiel versus Aantal Correcte Antwoorden
Uw Scoregeschiedenis
U heeft deze quiz nog niet genomen